|
|
|
|
| LEADER |
00000cam a2200000 a 4500 |
| 001 |
73188 |
| 005 |
20230308162652.0 |
| 008 |
000000|1971 ||||||||r|||||||||||spa|| |
| 040 |
|
|
|b spa
|
| 041 |
1 |
|
|a spa
|
| 082 |
0 |
|
|a 621.313
|
| 245 |
|
|
|a Electrical Machinery: the processes, devices, and systems of electromechanical energy conversion
|c A. E. Fitzgerald; Charles Kingsley; Alexander Kusko
|h imp
|
| 250 |
|
|
|a 3a. ed.,
|
| 264 |
|
|
|a Tokio
|b International student edition
|c 1971
|
| 300 |
|
|
|a 224 páginas:
|b ilu
|c 21 cm
|
| 650 |
1 |
|
|a Electric machinery
|9 35956
|
| 650 |
1 |
|
|a Systems of electromechanical
|9 35957
|
| 852 |
|
|
|a UC-CDJBV
|c ESTANTERIA CERRADA
|f Compra
|k abcd
|l 1
|m General
|p 00000000
|r 2
|t 73188
|b 0
|d CDRC
|e CDRC
|g 621.313 ESTANTERIA CERRADA
|z 0000-00-00
|
| 942 |
|
|
|c BK
|
| 999 |
|
|
|c 18969
|d 18969
|